De rerum natura iuxta propria principia libri IX /

Bibliographic Details
Main Author: Telesio, Bernardino, 1509-1588
Other Authors: Vasoli, Cesare, 1924-
Format: Book
Language:Latin
Published: Hildesheim ; New York : G. Olms, 1971.
Subjects:

MARC

Tag First Indicator Second Indicator Subfields
LEADER 00000cam a2200000 a 4500
001 in00000075168
005 20151008060341.0
008 800904r19711586gw 00010 latm
010 |a  72316725  
015 |a GDB*** 
020 |a 3487040751 
035 |a (OCoLC)06678944 
035 |9 AAJ5571AM 
040 |a DLC  |c ZYU  |d m.c.  |d TXA  |d UtOrBLW 
049 |a TXAM  |c [1406581] 
050 0 0 |a B785.T33  |b D4 1971 
082 0 |a 110 
100 1 |a Telesio, Bernardino,  |d 1509-1588. 
245 1 3 |a De rerum natura iuxta propria principia libri IX /  |c Bernardinus Telesius ; con una introduzione a cura di Cesare Vasoli. 
264 1 |a Hildesheim ;  |a New York :  |b G. Olms,  |c 1971. 
300 |a xxi, 400 pages ;  |c 23 cm. 
336 |a text  |b txt  |2 rdacontent 
337 |a unmediated  |b n  |2 rdamedia 
338 |a volume  |b nc  |2 rdacarrier 
500 |a "Reprografischer Nachdruck der Ausgabe Neapel, 1586." 
600 0 0 |a Aristotle.  |t Physics. 
650 0 |a Philosophy of nature. 
700 1 |a Vasoli, Cesare,  |d 1924- 
999 |a MARS 
999 f f |s 12a585a3-0a4f-3a94-ba75-d58a5ee5d3ff  |i b635a242-ff72-36ed-9a66-79c70107f346  |t 0 
952 f f |p ric  |a Texas A&M University  |b Rellis Campus  |c Joint Library Facility  |d Remote Storage  |t 0  |e B785.T33 D4 1971  |h Library of Congress classification  |i unmediated -- volume  |m A14806078529 
998 f f |a B785.T33 D4 1971  |t 0  |l Remote Storage